000 00569nam a2200241 a 4500
001 nice12345678
003 IN_TiNIC
005 20260116011804.0
008 050524s1973 deoa grp 000 0 urd
020 _a
_c10
082 0 0 _a297.64
_bKHA
100 _aKhan, H Nabi Ahmad
245 _aMaktubat-E-Hazrat Ali.
260 _aDeoband
_bMaktaba Rahmaniya
_c1973
300 _a220p
500 _aincludes index and biblioraphy
505 2 _aIndex
650 _aAli-Caliph
700 1 _aKhan, H Nabi Ahmad
902 _bSRS
942 _cBK
999 _c3980
_d3980